Normal view
MARC view
Entry Corporate Name
001 - CONTROL NUMBER
- control field: 556384
003 - CONTROL NUMBER IDENTIFIER
- control field: OSt
005 - DATE AND TIME OF LATEST TRANSACTION
- control field: 20220930094826.0
008 - FIXED-LENGTH DATA ELEMENTS
- fixed length control field: 220930|| aca||aabn | a|a d
040 ## - CATALOGING SOURCE
- Original cataloging agency: OSt
- Transcribing agency: OSt
110 ## - HEADING--CORPORATE NAME
- Corporate name or jurisdiction name as entry element: दिल्ली विश्वविद्यालय. केन्द्रीय शिक्षा संस्थान संकाय. शिक्षा विभाग
670 ## - SOURCE DATA FOUND
- Source citation: Work cat.: (OSt)887734: शर्मा, संजय, सामाजिक बहिर्वेशन, अस्मिता एवं शिक्षा, 2013
